|
|
|
|
| LEADER |
01510nam a2200409Ia 4500 |
| 001 |
EBC1035149 |
| 003 |
MiAaPQ |
| 005 |
20200520144314.0 |
| 006 |
m o d | |
| 007 |
cr cn||||||||| |
| 008 |
120406s2012 dcua s 000 0 eng d |
| 010 |
|
|
|z 2012013988
|
| 020 |
|
|
|z 9780821395226
|
| 020 |
|
|
|a 9780821395240 (electronic bk.)
|
| 035 |
|
|
|a (MiAaPQ)EBC1035149
|
| 035 |
|
|
|a (Au-PeEL)EBL1035149
|
| 035 |
|
|
|a (CaPaEBR)ebr10603762
|
| 035 |
|
|
|a (CaONFJC)MIL393554
|
| 035 |
|
|
|a (OCoLC)785390226
|
| 040 |
|
|
|a MiAaPQ
|c MiAaPQ
|d MiAaPQ
|
| 050 |
|
4 |
|a HT384.C7
|b C65 2012
|
| 082 |
0 |
4 |
|a 307.1/21609861
|2 23
|
| 245 |
0 |
0 |
|a Colombia urbanization review
|h [electronic resource] :
|b amplifying the gains from the urban transition /
|c Taimur Samad, Nancy Lozano-Gracia, and Alexandra Panman, editors.
|
| 260 |
|
|
|a Washington, D.C. :
|b World Bank,
|c 2012.
|
| 300 |
|
|
|a xxii, 217 p. :
|b ill.
|
| 533 |
|
|
|a Electronic reproduction. Ann Arbor, MI : ProQuest, 2015. Available via World Wide Web. Access may be limited to ProQuest affiliated libraries.
|
| 650 |
|
0 |
|a Urbanization
|z Colombia.
|
| 650 |
|
0 |
|a Urban policy
|z Colombia.
|
| 650 |
|
0 |
|a City planning
|z Colombia.
|
| 651 |
|
0 |
|a Colombia
|x Economic conditions.
|
| 655 |
|
4 |
|a Electronic books.
|
| 700 |
1 |
|
|a Samad, Taimur.
|
| 700 |
1 |
|
|a Lozano-Gracia, Nancy.
|
| 700 |
1 |
|
|a Panman, Alexandra.
|
| 710 |
2 |
|
|a ProQuest (Firm)
|
| 710 |
2 |
|
|a World Bank.
|
| 856 |
4 |
0 |
|u https://ebookcentral.proquest.com/lib/matrademy/detail.action?docID=1035149
|z Click to View
|